00886nam a2200253 a 450000100060000000300090000600800410001501500210005602000180007704000280009508200190012310000340014224501410017626000310031730000420034849000180039050000380040859800150044665000430046170000370050494200120054199000620055399900170061524286CO-ViMGA141112s2004 ck r 000 u spa d ack - 2011 - xxxx a9789584536082 aCO-ViMGAbspacCO-ViMGA04aI 372.21 G652c1 aGómez Gómez, Laura93547710aLa casa de Mickey Mouse : b[Pintemos especial] / cedición y textos, Laura Gómez Gómez ; diagramación, Andrea Rincón Granados aBogotá : bNorma, c2011 a[16] p. : principalmente il. ; 28 cm. aDisney junior aIncluye 34 stickers para recortar aNEW - GRAL14aDibujo - Enseñanza preescolar9354781 aRincón Granados, Andrea935479 2ddccBK aEditorial Norma S.A. 2 ejemplares 21 11/11/2011 n a786064 c32283d32283